The Wiley COBOL syntax reference guide : with IBM and VAX enhancements /

Salvato in:
Dettagli Bibliografici
Autore principale: Stern, Nancy B. 1944-
Altri autori: Stern, Robert A.
Natura: Libro
Lingua:English
Pubblicazione: New York ; Chichester : John Wiley and Sons, 2000.
Soggetti:
Tags: Aggiungi Tag
Nessun Tag, puoi essere il primo ad aggiungerne! !
Thư viện lưu trữ: Mạng thư viện Đại học Đà Nẵng
LEADER 00999cam a2200349 i 4500
001 000048963
003 8690
005 20030324153226.0
008 010322|2000 vm 000 eng
020 |a 0555117162 
040 |a IRC  |c IRC  |d IRC 
041 0 |a eng 
082 1 4 |a 005.133  |b ST-N 
100 1 |a Stern, Nancy B.  |q (Nancy Beth),  |d 1944- 
245 0 4 |a The Wiley COBOL syntax reference guide :  |b with IBM and VAX enhancements /  |c prepared by Nancy Stern, Robert A. Stern. 
260 |a New York ; Chichester :  |b John Wiley and Sons,  |c 2000. 
300 |a 74 p. ;  |c 21.5cm. 
630 0 4 |a Computer program language. 
630 0 4 |a COBOL. 
650 0 4 |a COBOL (Computer program language) 
650 0 4 |a Structured programming. 
700 1 |a Stern, Robert A. 
OWN |a DUT 
999 |a From the UDN01 
TYP |a Monograph 
TYP |a Printed language 
980 |a Mạng thư viện Đại học Đà Nẵng